| 000 | 00938nam a2200265Ia 4500 | ||
|---|---|---|---|
| 003 | GCL | ||
| 008 | 140319s9999 xx 000 0 ara d | ||
| 020 | _a4901305977 | ||
| 040 |
_aGCL / _cGCL |
||
| 082 | 0 | 4 |
_aط _b070.4832 _bف م |
| 100 | 1 | _aفاطمة المعدول | |
| 245 | 1 | 0 |
_aماما نعم الباز : نصف قرن من الكتابة للصغار والكبار / _cفاطمة المعدول |
| 260 |
_aالقاهرة : _bالمركز القومى لثقافة الطفل ، _c2006 |
||
| 300 |
_a132 ص ؛ _c26 سم |
||
| 650 | 0 | 4 | _aالمقالات العربية |
| 650 | 0 | 4 | _aتعليم الاطفال |
| 650 | 0 | 4 | _aقصص الاطفال |
| 650 | 0 | 4 | _aاحلام الاطفال |
| 650 | 0 | 4 | _aالاطفال - رعاية |
| 650 | 0 | 4 | _aالاطفال - تربية |
| 650 | 0 | 4 | _aالاطفال - اسلوب معيشة |
| 650 | 0 | 4 | _aالتكوكب الاسرى |
| 650 | 0 | 4 | _aنعم الباز |
| 942 |
_2ddc _cBK |
||
| 999 |
_c9437 _d9437 |
||